[Event "48th Capablanca Open I 2013"]
[Site "Havana CUB"]
[Date "2013.04.25"]
[Round "5.15"]
[White "Bacallao Alonso,Y"]
[Black "Fernandez Hernandez,A"]
[Result "1/2-1/2"]
[WhiteElo "2542"]
[BlackElo "2368"]

1.e4 d6 2.d4 g6 3.Nc3 Bg7 4.Nge2 Nd7 5.g3 Ngf6 6.Bg2 O-O 7.O-O c5 8.h3 Rb8
9.a4 b6 10.Bg5 h6 11.Be3 cxd4 12.Nxd4 Bb7 13.Qd2 Kh7 14.Rad1 Nc5 15.f3 Qd7
16.b4 Nxa4 17.Nxa4 Qxa4 18.Ra1 Qd7 19.Rxa7 Ra8 20.Rfa1 Rxa7 21.Rxa7 Ra8 22.Rxa8 Bxa8
23.c4 Qa4 24.Bf1 Nd7 25.Be2 Qa1+ 26.Kg2 Bb7 27.Bf2 Ba8 28.h4 h5 29.Be3 Bb7
30.Bf1 Ne5 31.Be2 Nd7 32.Nc2 Qb2 33.Ne1 Qb3 34.Nd3 Bc3 35.Qd1 Qa2 36.Bf2 Ba6
37.b5 Bb7 38.Kg1 e6 39.Bf1 Qa1 40.Qxa1 Bxa1 41.Be3 Kg7 42.Kf2 Bc3 43.Bh3 Nc5
44.Nxc5 dxc5 45.Bf4 Bd4+ 46.Ke2 e5 47.Bd2 f6 48.Bd7 Kf7 49.Be1 Ke7 50.Bh3 Kd8
51.Bd2 Bc8 52.Bxc8 Kxc8 53.g4 Kd7 54.g5 fxg5 55.Bxg5 Bg1 56.f4 exf4 57.Kf3 Bd4
58.Kxf4 Bc3 59.Kf3 Be5 60.Bf4 Bf6 61.Bg3  1/2-1/2

[Event "Maharashtra Chess League 2013"]
[Site "Pune IND"]
[Date "2013.04.26"]
[Round "4"]
[White "Padmini,R"]
[Black "Deshmukh,A"]
[Result "1-0"]
[WhiteElo "2347"]
[BlackElo "2254"]

1.e4 d6 2.d4 g6 3.Nc3 Bg7 4.Nf3 c6 5.h3 b5 6.Bd3 Nd7 7.O-O a6 8.Re1 e5 9.dxe5 dxe5
10.a4 b4 11.Ne2 Nc5 12.Be3 Qe7 13.c3 Nxd3 14.Qxd3 b3 15.c4 Nf6 16.Ng3 Rb8
17.Ra3 h5 18.Bg5 Qb4 19.Nd2 Qa5 20.Qd6 Qb4 21.Qxe5+ Kf8 22.Bxf6 Bxf6 23.Qxf6 Kg8
24.Rd1 Be6 25.Rxb3 Qf8 26.Rxb8 Qxb8 27.Nf3 Kh7 28.Ng5+ Kh6 29.Nxf7+ Bxf7
30.Nf5+  1-0

[Event "45th Italian Teams 2013"]
[Site "Bratto ITA"]
[Date "2013.04.27"]
[Round "1"]
[White "Stromboli,E"]
[Black "D'Amore,C"]
[Result "1/2-1/2"]
[WhiteElo "2344"]
[BlackElo "2488"]

1.e4 g6 2.d4 Bg7 3.Nc3 d6 4.Nf3 a6 5.Be3 Nd7 6.Qd2 h6 7.Bd3 e6 8.Ne2 b6 9.Ng3 Bb7
10.c3 Ngf6 11.Qc2 Qe7 12.h3 c5 13.O-O Rc8 14.Qe2 Ra8 15.Nd2 h5 16.Bg5 h4
17.Nh1 Qf8 18.e5 Nh5 19.Nc4 f6 20.exf6 Bxf6 21.Qxe6+ Kd8 22.Bxf6+ Qxf6 23.Qxf6+ Ndxf6
24.Nxb6 Rb8 25.dxc5 dxc5 26.Rfd1 Kc7 27.Na4 Nd7 28.Re1 Bc6 29.b3 Nf4 30.Be4 Bxe4
31.Rxe4 Nd3  1/2-1/2

[Event "48th Capablanca Open I 2013"]
[Site "Havana CUB"]
[Date "2013.04.27"]
[Round "6.24"]
[White "Morales Romero,P"]
[Black "Yanes Canizares,A"]
[Result "1/2-1/2"]
[WhiteElo "2366"]
[BlackElo "2280"]

1.e4 d6 2.d4 g6 3.Nc3 Bg7 4.Nf3 c6 5.a4 Nf6 6.h3 O-O 7.Be3 Qa5 8.Nd2 Nbd7
9.Be2 Qc7 10.O-O c5 11.d5 b6 12.f4 Bb7 13.g4 h6 14.h4 Nh7 15.Bc4 Rae8 16.Nf3 Ndf6
17.g5 Ng4 18.Bc1 h5 19.a5 bxa5 20.Nb5 Qb6 21.Bd2 Ba6 22.Bxa5 Qb7 23.Qd3 Bxb5
24.Bxb5 Rb8 25.Bc4 Qxb2 26.Ra2 Qb7 27.Bd2 Qd7 28.c3 Rb7 29.Be1 Rfb8 30.Bg3 Rb2
31.Raa1 Nf8  1/2-1/2

[Event "Maharashtra Chess League 2013"]
[Site "Pune IND"]
[Date "2013.04.27"]
[Round "7"]
[White "Kathmale,S"]
[Black "Soumya,Sw"]
[Result "1-0"]
[WhiteElo "2325"]
[BlackElo "2300"]

1.e4 g6 2.d4 Bg7 3.Nc3 d6 4.Be3 a6 5.h3 b5 6.Bd3 Nd7 7.f4 Bb7 8.Nf3 c5 9.a3 cxd4
10.Nxd4 Ngf6 11.Qe2 O-O 12.g4 Nc5 13.Bf2 e5 14.fxe5 dxe5 15.Nf3 Qc7 16.O-O Rad8
17.Bg3 Nxd3 18.cxd3 Nd7 19.Kh2 Qb6 20.Rac1 b4 21.Nd5 Bxd5 22.exd5 bxa3 23.bxa3 Qb3
24.Bh4 Rc8 25.Be7 Rfe8 26.d6 Qxa3 27.Rxc8 Rxc8 28.Ng5 f6 29.Ne4 Qb3 30.Rf2 Rc1
31.Qf3 Qd1 32.Nxf6+ Bxf6 33.Qxd1 Rxd1 34.Bxf6 Nxf6 35.Rxf6 Rxd3 36.Re6 Kf7
37.Rxe5 Rxd6 38.Ra5 Ke6 39.Kg3 Kd7 40.Kf4 Rb6 41.Ra3 Kc6 42.Kg5 Kb5 43.Kh6 Rb7
44.Rb3+ Kc6 45.Rc3+ Kd5 46.Ra3 Ra7 47.h4 a5 48.Ra4 Kc5 49.h5 gxh5 50.gxh5 Kb5
51.Ra1 a4 52.Rb1+ Kc4 53.Ra1 a3 54.Rg1 a2 55.Rh1 a1=Q 56.Rxa1 Rxa1 57.Kxh7 Kd5
58.h6 Ke6 59.Kg7 Ra7+ 60.Kg6 Ra8 61.h7 Ke7  1-0

[Event "48th Capablanca Open II 2013"]
[Site "Havana CUB"]
[Date "2013.04.29"]
[Round "8.17"]
[White "Jarrin Cobos,J"]
[Black "Chavez Estevez,Hayler David"]
[Result "1-0"]
[WhiteElo "2079"]
[BlackElo "2157"]

1.e4 g6 2.d4 Bg7 3.Nc3 d6 4.Be3 Nd7 5.Qd2 c6 6.f3 e5 7.dxe5 dxe5 8.Bc4 Qc7
9.a4 a5 10.Nge2 h5 11.O-O-O Ngf6 12.h3 Nb6 13.Bb3 Bd7 14.Qe1 O-O 15.g4 Rad8
16.Qg1 Nc8 17.gxh5 Be6 18.Rxd8 Rxd8 19.Bxe6 fxe6 20.h6 Bh8 21.Qxg6+ Kf8 22.f4 Qh7
23.Qg5 Ke8 24.fxe5 Nxe4 25.Qh5+ Kd7 26.Nxe4 Qxe4 27.Qf7+ Ne7 28.Rd1+ Kc8
29.Qxe6+  1-0

[Event "48th Capablanca Open II 2013"]
[Site "Havana CUB"]
[Date "2013.04.29"]
[Round "8.13"]
[White "Echevarria Del Toro,Vladimir"]
[Black "Docampo Beltran,Dexter"]
[Result "1-0"]
[WhiteElo "2145"]
[BlackElo "2204"]

1.e4 g6 2.d4 Bg7 3.Nc3 d6 4.Nf3 Nf6 5.h3 O-O 6.Be3 Nc6 7.Bc4 e5 8.dxe5 Nxe5
9.Nxe5 dxe5 10.Bc5 Qxd1+ 11.Rxd1 Re8 12.Nb5 Bd7 13.f3 Bxb5 14.Bxb5 c6 15.Bc4 Bf8
16.Be3 b6 17.a4 Rad8 18.Kf2 Be7 19.c3 Nh5 20.g3 Ng7 21.Ke2 Rxd1 22.Rxd1 Rd8
23.Rxd8+ Bxd8 24.b4 Ne6 25.Bxe6 fxe6 26.Kd3 Kf7 27.Kc4 Bc7 28.Bg5 Kg7 29.h4 h6
30.Be3 h5 31.b5 c5 32.Bxc5 bxc5 33.Kxc5 g5 34.hxg5 Bb6+ 35.Kc4 Bf2 36.a5 Bxg3
37.b6 h4 38.bxa7 h3 39.a8=Q h2 40.Qb7+ Kg6 41.Qb1  1-0

[Event "Nakhchivan Open A 2013"]
[Site "Nakhchivan AZE"]
[Date "2013.04.29"]
[Round "7.24"]
[White "Mamedjarova,T"]
[Black "Iskandarov,M"]
[Result "1/2-1/2"]
[WhiteElo "2240"]
[BlackElo "2373"]

1.e4 g6 2.d4 Bg7 3.Nc3 d6 4.Be3 Nf6 5.f3 c6 6.Qd2 b5 7.O-O-O Qa5 8.h4 h5
9.e5 b4 10.exf6 bxc3 11.fxg7 cxd2+ 12.Bxd2 Qxd2+ 13.Rxd2 Rg8 14.Be2 Nd7 15.Nh3 Nf6
16.Nf4 Rxg7 17.Re1 a5 18.Rd3 g5 19.hxg5 Rxg5 20.Re3 e6 21.Bf1 Ba6 22.c4 Kd7
23.Nh3 Rgg8 24.Ra3 Bb7 25.Nf2 Rg5 26.Nh3 Rg3 27.Kd2 Kc7 28.Ke2 Nd7 29.Kf2 Rgg8
30.c5 dxc5 31.dxc5 Ba6 32.Bxa6 Rxa6 33.Nf4 Rb8 34.Nd3 Rb5 35.Rc3 Ra8 36.Rh1 Nf6
37.Rc4 Rd8 38.Ke2 e5 39.b3 Rd5 40.Ra4 Nd7 41.Rxh5 Rxd3 42.Kxd3 Nxc5+ 43.Ke3 Nxa4
44.bxa4 Rc5 45.Rf5 Kd6 46.Rxf7 Rc3+ 47.Kd2 Ra3 48.g4 Rxa4 49.g5 Rxa2+ 50.Ke3 a4
51.g6 Rg2 52.g7 Kc5 53.Ke4 Kb6 54.Rd7 Rg5 55.f4 exf4 56.Kxf4 Rg1 57.Ke4 c5
58.Kd3 a3 59.Kc4 a2 60.Rd6+ Kb7 61.Rd7+ Kc6 62.Ra7 Rg4+ 63.Kc3 Kb5 64.Rxa2 Rg3+
65.Kc2 Rxg7 66.Ra3 Rg2+ 67.Kc1 Kc4 68.Rh3  1/2-1/2

[Event "Mistrzostwa Malopolski A"]
[Site "Krakow POL"]
[Date "2013.05.02"]
[Round "5.6"]
[White "Gora,Ja"]
[Black "Shilov,S"]
[Result "1-0"]
[WhiteElo "1958"]
[BlackElo "2217"]

1.e4 g6 2.d4 Bg7 3.Nc3 d6 4.Be3 a6 5.Qd2 b5 6.f3 Nd7 7.g4 h5 8.g5 e5 9.h4 Ne7
10.dxe5 Nxe5 11.f4 N5c6 12.O-O-O O-O 13.Kb1 b4 14.Nce2 Bg4 15.Bh3 Qc8 16.Bxg4 Qxg4
17.Nh3 Qe6 18.Nf2 f5 19.gxf6 Qxf6 20.Nd3 Qe6 21.Nf2 a5 22.Rhg1 Qf6 23.e5 dxe5
24.Ne4 Qf5 25.N2g3 Qc8 26.f5 Rd8 27.Qe2 Rxd1+ 28.Qxd1 Qd8 29.f6 Qxd1+ 30.Rxd1 Nf5
31.Nxf5 gxf5 32.Rg1 fxe4 33.Rxg7+ Kh8 34.Rxc7 Nd4 35.Rc4 Rd8 36.c3 bxc3 37.bxc3 Nb5
38.Rc5 Rb8 39.Kc1 Kg8 40.a4 Na3 41.Rc7 Rb1+ 42.Kd2 Rf1 43.Bg5 Rf3 44.c4 e3+
45.Ke2 e4 46.Rg7+ Kf8 47.Re7 Nxc4 48.Rxe4 Rf2+ 49.Kd3 Nd6 50.Rxe3 Ra2 51.Re6 Ra3+
52.Kc2 Nf5 53.Re4 Kf7 54.Re5 Nd4+ 55.Kb2 Rb3+ 56.Ka2 Rh3 57.Re7+ Kg8 58.f7+ Kf8
59.Bh6+  1-0

[Event "Llucmajor Open 2013"]
[Site "Llucmajor ESP"]
[Date "2013.05.04"]
[Round "8.7"]
[White "Kasparov,S"]
[Black "Vassallo Barroche,M"]
[Result "1-0"]
[WhiteElo "2478"]
[BlackElo "2442"]

1.e4 g6 2.d4 Bg7 3.Nc3 d6 4.g3 Nc6 5.d5 Ne5 6.h3 Nf6 7.Be3 O-O 8.f4 Ned7
9.Nge2 c6 10.Bg2 a6 11.a4 Qc7 12.O-O cxd5 13.exd5 b6 14.g4 Bb7 15.g5 Ne8
16.h4 Qc4 17.h5 b5 18.h6 Bh8 19.axb5 axb5 20.Rxa8 Bxa8 21.b3 Qb4 22.Bd4 Nc7
23.Bxh8 Kxh8 24.Qd4+ Qxd4+ 25.Nxd4 b4 26.Re1 Re8 27.Ndb5  1-0

[Event "46th ch-JPN"]
[Site "Tokyo JPN"]
[Date "2013.05.04"]
[Round "8.3"]
[White "Shiomi,R"]
[Black "Noguchi,K"]
[Result "0-1"]
[WhiteElo "2109"]
[BlackElo "2062"]

1.e4 g6 2.d4 Bg7 3.Nc3 d6 4.Be3 a6 5.a4 Nc6 6.Qd2 Nf6 7.Nf3 O-O 8.Bh6 e5
9.Bxg7 Kxg7 10.dxe5 dxe5 11.Qxd8 Rxd8 12.Bc4 Nd4 13.Nxd4 Rxd4 14.Bd3 c5 15.f3 Be6
16.a5 Rad8 17.Na4 c4 18.Be2 Nh5 19.g3 Nf6 20.Kf2 g5 21.g4 h5 22.h3 Rd2 23.Rac1 Rh8
24.Ke3 Rd4 25.Nc5 Rc8 26.Nxe6+ fxe6 27.c3 Rd7 28.Ra1 Rc5 29.Ra4 Rdc7 30.Rd1 h4
31.Rd6 Kf7 32.Rb6 Ne8 33.Rab4 Rxa5 34.Rxb7 Rxb7 35.Rxb7+ Kf6 36.Rb6 Rb5 37.Rxa6 Rxb2
38.Bxc4 Ng7 39.Be2 Ne8 40.Rc6 Ke7 41.c4 Rb3+ 42.Kf2 Kd7 43.Rc5 Kd6 44.Rc8 Kd7
45.Rc5 Kd6 46.Ra5 Nc7 47.Ra2 Rb1 48.Rd2+ Ke7 49.Rc2 Na6 50.Ra2 Nb4 51.Ra7+ Kf6
52.c5 Rb2 53.Rd7 Rc2 54.Rc7 Na6 55.Rc8 Nxc5 56.Rf8+ Kg7 57.Re8 Kf7 58.Rh8 Nd3+
59.Ke3 Nf4 60.Bf1 Rc1 61.Kf2 Rc2+ 62.Kg1 Kg7 63.Re8 Kf6 64.Rf8+ Kg7 65.Ra8 Rc1
66.Kf2 Rb1 67.Ra7+ Kf6 68.Rd7 Rb2+ 69.Kg1 Ng6 70.Ra7 Ne7 71.Rc7 Rd2 72.Rc3 Kf7
73.Bb5 Rb2 74.Bc4 Rb6 75.Rd3 Rb1+ 76.Kg2 Rc1 77.Bb3 Ng6 78.Rd7+ Kf8 79.Bd1 Nf4+
80.Kh2 Rb1 81.Rd2 Rb4 82.Rf2 Ke7 83.Ra2 Kd6 84.Be2 Kc5 85.Rd2 Rd4 86.Rb2 Rb4
87.Rd2 Rb1 88.Ba6 Kb4 89.Rc2 Kb3 90.Rc5 Rb2+ 91.Kh1 Rb1+ 92.Kh2 Ra1 93.Bc8 Ra2+
94.Kh1 Rc2 95.Rb5+ Kc4 96.Bd7 Rc1+ 97.Kh2 Rc2+ 98.Kh1 Kd4 99.Rb3 Re2 100.Rb6 Ke3
101.Bxe6 Kxf3 102.Bf5 Re1+ 103.Kh2 Re2+ 104.Kh1 Nxh3 105.Ra6 Re3 106.Kh2 Nf4
107.Ra5 h3 108.Ra1 Re2+ 109.Kg1 h2+ 110.Kh1 Nd3 111.Ra3 Rd2 112.Rb3 Kg3  0-1

[Event "III Miedzyzdroje Open 2013"]
[Site "Miedzyzdroje POL"]
[Date "2013.05.05"]
[Round "9.2"]
[White "Swiderski,Ra"]
[Black "Jacek,K"]
[Result "1/2-1/2"]
[WhiteElo "1962"]
[BlackElo "2098"]

1.e4 g6 2.d4 Bg7 3.Nc3 d6 4.Be3 Nd7 5.Qd2 a6 6.f3 e6 7.Nge2 b5 8.Nf4 e5 9.dxe5 dxe5
10.Nfd5 c6 11.Nb6 Nxb6 12.Qxd8+ Kxd8 13.Bxb6+ Ke8 14.O-O-O Be6 15.Be2 Bf8
16.Bc7 f6 17.g4 Rc8 18.Bd6 Bxd6 19.Rxd6 Ke7 20.Rhd1 Nh6 21.R6d2 Nf7 22.Bf1 h5
23.h3 Ng5 24.Bg2 hxg4 25.hxg4 Rh2 26.Rh1 Rch8 27.Rxh2 Rxh2 28.Kd1 Bf7 29.Ke1 Ne6
30.Bf1 Rh1 31.Kf2 Nd4 32.Kg2 Rh2+ 33.Kxh2 Nxf3+ 34.Kg3 Nxd2 35.Bd3 Nc4 36.Bxc4 Bxc4
37.a3 a5 38.b4 axb4 39.axb4 Ke6 40.Nd1 f5 41.gxf5+ gxf5 42.exf5+ Kxf5 43.Kf3 Bd5+
44.Ke3 Be4 45.c3 Bc2 46.Nf2 e4 47.Nh1 Ke5 48.Ng3 Bd3 49.Nh5 Kd5 50.Nf4+ Ke5
51.Nxd3+ exd3  1/2-1/2

[Event "Tschaturanga Open 2013"]
[Site "Vienna AUT"]
[Date "2013.05.07"]
[Round "2.2"]
[White "Burg,T"]
[Black "Steinert,Mart"]
[Result "1-0"]
[WhiteElo "2478"]
[BlackElo "2144"]

1.e4 g6 2.d4 Bg7 3.Nc3 d6 4.Bg5 h6 5.Bh4 c6 6.Qd2 b5 7.f4 Nd7 8.Nf3 Qa5 9.Bd3 b4
10.Ne2 Qb6 11.O-O a5 12.Kh1 Ba6 13.e5 Bxd3 14.Qxd3 Qa6 15.Qe3 d5 16.f5 gxf5
17.e6 fxe6 18.Nf4 Nf8 19.Nxe6 Nxe6 20.Qxe6 c5 21.Qxf5 Bf6 22.Qh5+ Kf8 23.Ne5 Rh7
24.Qg6  1-0

[Event "Deltalift Open 2013"]
[Site "Halmstad SWE"]
[Date "2013.05.10"]
[Round "5"]
[White "Wahlstrom,L"]
[Black "Rahul Kumar,P"]
[Result "0-1"]
[WhiteElo "2109"]
[BlackElo "2190"]

1.e4 g6 2.d4 Bg7 3.Nc3 d6 4.Nf3 Nf6 5.Be2 O-O 6.O-O a6 7.a4 b6 8.Bc4 Nc6
9.h3 Bb7 10.Ba2 Nb4 11.e5 dxe5 12.dxe5 Ne4 13.Bb3 e6 14.Qxd8 Rfxd8 15.Nxe4 Bxe4
16.Bg5 Rd7 17.Rad1 Rxd1 18.Rxd1 Bxf3 19.gxf3 Bxe5 20.c3 Nc6 21.Bc2 f6 22.Be4 Rd8
23.Rxd8+ Nxd8 24.Be3 f5 25.Bd3 a5 26.Bg5 Nb7 27.Bb5 Kf7 28.Bd2 Ke7 29.Kf1 Nd6
30.Ba6 c5 31.Ke2 Kd7 32.Kd3 Bf6 33.b4 e5 34.bxc5 bxc5 35.c4 Bd8 36.Bb5+ Ke6
37.Be3 Bb6 38.Bc6 Kf6 39.Bd5 h5 40.Bd2 f4 41.Bc3 Bc7 42.Bc6 Ke6 43.Bd5+ Kf5
44.Bb2 Ne8 45.Be4+ Kg5 46.Bd5 Kh4 47.Be6 Nf6 48.Bc3 Nh7 49.Ke4 Ng5+ 50.Kd5 Nxe6
51.Kxe6 Kxh3 52.Kd7 Bb8 53.Kc8 Kg2 54.Kxb8 Kxf2 55.Bxa5 h4 56.Bd8 h3 57.a5 h2
58.a6 h1=Q 59.a7 Qxf3  0-1

[Event "ch-KGZ Men 2013"]
[Site "Bishkek KGZ"]
[Date "2013.05.12"]
[Round "4"]
[White "Sezdbekov,Ruslan"]
[Black "Abdrakhmanov,Chingiz"]
[Result "0-1"]
[WhiteElo "1678"]
[BlackElo "1477"]

1.e4 g6 2.d4 Bg7 3.Nc3 d6 4.g3 c6 5.Bg2 Nd7 6.Be3 a6 7.Nge2 Qc7 8.O-O e5
9.Qd2 Ngf6 10.d5 c5 11.Bh6 O-O 12.Bxg7 Kxg7 13.f4 b5 14.Nd1 c4 15.h3 Nc5
16.fxe5 dxe5 17.Ndc3 b4 18.Rxf6 bxc3 19.Qg5 cxb2 20.Raf1 Rb8 21.Nc3 Na4 22.d6 Qa7+
23.Kh2 Nxc3 24.Qxe5 Kg8 25.Rxf7 Rxf7 26.Qe8+ Kg7 27.Qe5+ Kh6 28.d7 Qxd7 29.Rf4 Rxf4
30.gxf4 b1=Q 31.Qf6 Qb4 32.e5 Qde7  0-1

[Event "HC Andersen Open 2013"]
[Site "Odense DEN"]
[Date "2013.05.12"]
[Round "3.10"]
[White "Murtuzov,Rauf"]
[Black "Bromann,T"]
[Result "0-1"]
[WhiteElo "1995"]
[BlackElo "2368"]

1.e4 g6 2.d4 Bg7 3.Nc3 d6 4.Be3 a6 5.a4 b6 6.Qd2 Nd7 7.h4 h5 8.Nh3 c5 9.Ng5 e6
10.Bc4 Qe7 11.a5 b5 12.Bxb5 axb5 13.Nxb5 Kf8 14.O-O Ba6 15.Nc7 Ra7 16.Nxa6 Rxa6
17.dxc5 dxc5 18.Rad1 Ngf6 19.c4 Ke8 20.e5 Ng4 21.f4 f6 22.exf6 Bxf6 23.Nf3 Nxe3
24.Qxe3 Rxa5 25.Ra1 Rxa1 26.Rxa1 Qd6 27.Qe4 Kf7 28.Rf1 Kg7 29.Qe2 Rd8 30.b3 Nf8
31.Ng5 Bxg5 32.hxg5 Qd4+ 33.Kh1 Ra8 34.Qf3 Ra1 35.Qb7+ Kg8 36.Rxa1 Qxa1+
37.Kh2 Qd4 38.Qb8 Kf7 39.Qc7+ Ke8 40.b4 cxb4 41.Qb8+ Kf7 42.Qxb4 Qxf4+ 43.Kh1 Nd7
44.Qb5 Ke7 45.Qb4+ Qd6 46.Qc3 e5 47.Qf3 Qd4 48.Qc6 Qh4+ 49.Kg1 Qxg5 50.Qd5 Qe3+
51.Kh1 Qd4 52.Qc6 e4 53.Qxg6 Qd1+ 54.Kh2 Qd6+ 55.Qg3 Nc5 56.Qxd6+ Kxd6  0-1

[Event "HC Andersen Open 2013"]
[Site "Odense DEN"]
[Date "2013.05.12"]
[Round "3.5"]
[White "Hansen,Mads3"]
[Black "Haub,TM"]
[Result "0-1"]
[WhiteElo "2306"]
[BlackElo "2462"]

1.e4 g6 2.d4 Bg7 3.Nc3 d6 4.Be3 a6 5.h4 h6 6.Qd2 Nd7 7.Nge2 b5 8.f3 e6 9.O-O-O Nb6
10.Nf4 b4 11.Nb1 a5 12.Bd3 Ba6 13.a3 Bxd3 14.Qxd3 Ne7 15.h5 g5 16.Ne2 f5
17.d5 fxe4 18.fxe4 exd5 19.Bxb6 cxb6 20.Rhf1 Qc7 21.exd5 Rc8 22.axb4 axb4
23.Nd2 Ra8 24.Nb3 Rc8 25.Qb5+ Qd7 26.Qxb4 Rf8 27.Nbd4 Rxf1 28.Rxf1 Nxd5 29.Qb3 Rc5
30.Rf5 Nf6 31.Qe6+ Qe7 32.Ng3 Bh8 33.b4 Qxe6 34.Nxe6 Rc4 35.Rb5 Ke7 36.Nd4 Kd7
37.Ngf5 Ne4 38.Rd5 Be5 39.Ne2 Ke6 40.Ne3 Rxb4 41.Rd3 Nf6  0-1

[Event "HC Andersen Open 2013"]
[Site "Odense DEN"]
[Date "2013.05.12"]
[Round "8.4"]
[White "Haub,TM"]
[Black "Epishin,V"]
[Result "1/2-1/2"]
[WhiteElo "2462"]
[BlackElo "2603"]

1.e4 g6 2.d4 Bg7 3.Nc3 d6 4.g3 Nd7 5.Bg2 e5 6.Nge2 Ne7 7.Be3 O-O 8.Qd2 exd4
9.Bxd4 Ne5 10.f4 c5 11.Bf2 Nc4 12.Qc1 Bg4 13.Rb1 Nc6 14.O-O Nd4 15.Nxd4 cxd4
16.Nd5 Rc8 17.b3 Nb6 18.Qd2 Nxd5 19.exd5 Re8 20.Rfe1 Rxe1+ 21.Rxe1 Bf5 22.Be4 Qf6
23.Qd3 a6 24.Bxf5 Qxf5 25.Qxf5 gxf5 26.Re2 Kf8 27.Kf1 Rc5 28.Rd2 Rxd5 29.a4 Rc5
30.Ke2 b5 31.axb5 axb5 32.Kd1 Rd5 33.Ke2 Rc5 34.Kd1 Rd5 35.Ke2 Rc5  1/2-1/2

[Event "10th Orlova Open"]
[Site "Orlova CZE"]
[Date "2013.05.13"]
[Round "1.12"]
[White "Drozniak,Stanislaw"]
[Black "Baier,Pav"]
[Result "0-1"]
[WhiteElo "1368"]
[BlackElo "2109"]

1.e4 g6 2.d4 Bg7 3.Nc3 d6 4.f4 Nf6 5.h3 O-O 6.Be3 b6 7.Qd2 Bb7 8.Bd3 c5 9.Nf3 cxd4
10.Nxd4 Nbd7 11.Nb3 a6 12.O-O-O b5 13.a3 Rc8 14.g4 Nb6 15.Bxb6 Qxb6 16.f5 Nd7
17.Ne2 Ne5 18.Ned4 Nc4 19.Qf2 Bh6+ 20.Kb1 Be3 21.Qh4 Bxd4 22.Bxc4 Rxc4 23.Qxe7 Be5  0-1

[Event "7th IBC Limburg Open"]
[Site "Limburg NED"]
[Date "2013.05.18"]
[Round "3.10"]
[White "Berg,E"]
[Black "Thinius,M"]
[Result "1-0"]
[WhiteElo "2561"]
[BlackElo "2375"]

1.e4 g6 2.d4 Bg7 3.Nc3 d6 4.Be3 a6 5.Qd2 b5 6.h4 h5 7.Nf3 Nf6 8.Ng5 Ng4 9.Bf4 f6
10.Nh3 e5 11.f3 exf4 12.fxg4 g5 13.gxh5 Rxh5 14.Nf2 Nc6 15.Be2 Rh8  1-0

[Event "Asian Continental 2013"]
[Site "Manila PHI"]
[Date "2013.05.18"]
[Round "1.29"]
[White "Masruri,R"]
[Black "Murshed,N"]
[Result "1/2-1/2"]
[WhiteElo "2165"]
[BlackElo "2480"]

1.e4 g6 2.d4 Bg7 3.Nc3 d6 4.Be3 c6 5.a4 Nf6 6.h3 O-O 7.Nf3 Qc7 8.Qd2 Nbd7
9.Bh6 e5 10.Bxg7 Kxg7 11.Be2 exd4 12.Qxd4 Qb6 13.Qxb6 axb6 14.O-O Re8 15.Nd2 d5
16.Bf3 dxe4 17.Bxe4 Nc5 18.Bf3 Bf5 19.Rfc1 h5 20.Nc4 Rad8 21.Nxb6 Ne6 22.Nc4 Nd4
23.Ne3 Nxf3+ 24.gxf3 Bxh3 25.Rd1 Be6 26.b4 Nd7 27.f4 Bg4 28.Nxg4 hxg4 29.Kg2 Nf6
30.Rxd8 Rxd8 31.Rd1 Rxd1 32.Nxd1 Nd5 33.b5 cxb5 34.axb5 f5 35.Kg3 Nf6 36.f3 Nh5+
37.Kf2 g3+ 38.Kg2 Kf6 39.Ne3 Nxf4+  1/2-1/2

[Event "BSG Pinkstertoernooi 2013"]
[Site "Bussum NED"]
[Date "2013.05.19"]
[Round "4.13"]
[White "Visser,HJ"]
[Black "Karssen,H"]
[Result "1-0"]
[WhiteElo "2280"]
[BlackElo "2072"]

1.e4 g6 2.d4 Bg7 3.Nc3 d6 4.Be3 a6 5.Qd2 Nd7 6.h4 h6 7.O-O-O b5 8.f4 h5 9.Nf3 Ndf6
10.Ng5 Ng4 11.Bg1 c6 12.Bd3 N8h6 13.Kb1 O-O 14.f5 gxf5 15.Rf1 fxe4 16.Ncxe4 f5
17.Ng3 Qe8 18.Nh3 e5 19.Qg5 e4 20.Nxh5 Ra7 21.Be2 Kh7 22.Nxg7 Rxg7 23.Qf4 Rf6
24.Ng5+ Kh8 25.Rh3 Qh5 26.Be3 Rfg6 27.Rhh1 Kg8 28.Bd2 Be6 29.b3 Kh8 30.Bb4 d5
31.Bd6 Kg8 32.Bc5  1-0

[Event "Open Hradec Kralove 2013"]
[Site "Hradec Kralove CZE"]
[Date "2013.05.20"]
[Round "8"]
[White "Chudinovskikh,A"]
[Black "Meszaros,Lu"]
[Result "1/2-1/2"]
[WhiteElo "2296"]
[BlackElo "2113"]

1.e4 g6 2.d4 Bg7 3.Nc3 d6 4.f4 Nf6 5.Nf3 O-O 6.Bd3 Nc6 7.e5 Nh5 8.Bd2 Bg4
9.Ne2 Bxf3 10.gxf3 dxe5 11.dxe5 e6 12.Be3 Qh4+ 13.Bf2 Qh3 14.Qd2 Qxf3 15.Rf1 Qd5
16.Nc3 Qa5 17.O-O-O Bh6 18.Be3 Nb4 19.Bc4 c6 20.Kb1 Rfd8 21.Qf2 Nd5 22.Nxd5 cxd5
23.Bd3 Bf8 24.f5 exf5 25.Bxf5 Ng7 26.Bxg6 fxg6 27.Qf7+ Kh8 28.e6 Nxe6 29.Qxe6 Bg7
30.Bd4 Bxd4 31.Rxd4 Rf8 32.Rxf8+ Rxf8 33.a3 Qc7 34.Qxd5 Qxh2 35.Re4 Qc7 36.Qd4+ Kg8
37.c4 b6 38.Qd5+ Qf7 39.Qc6 Qf5 40.Ka2 Rf7 41.Re8+ Kg7 42.Qa8 Qf3 43.Qd8 Qf4
44.Qd5 h5 45.Re4 Qf5 46.Re5 Qd7 47.Qe4 Qg4 48.Qd5 Rd7 49.Qc6 Rf7 50.Qd5 Qf3
51.Qd4 Kh7 52.Re6 Qf4 53.Re4 Qf6 54.Qd5 Qg7 55.Re6 Rd7 56.Qg5 Rc7 57.Re4 a6
58.Re6 b5 59.Rxa6 bxc4 60.Rd6 Rb7 61.Qg2 c3 62.bxc3 Qf7+ 63.c4 Ra7 64.Qe2 Qf8
65.Qe3 Rf7 66.Rd3 Rf2+ 67.Rd2 Rf4  1/2-1/2

[Event "Gligoric Cup 2013"]
[Site "Banja Koviljaca SRB"]
[Date "2013.05.21"]
[Round "2.6"]
[White "Adzic,Mo"]
[Black "Milosevic,Dragan"]
[Result "1-0"]
[WhiteElo "2266"]
[BlackElo "1893"]

1.e4 g6 2.d4 d6 3.Nc3 Bg7 4.Be3 c6 5.Qd2 Nf6 6.f3 a5 7.g4 b5 8.h4 h6 9.Nge2 b4
10.Nd1 Ba6 11.Nf2 Qc7 12.Nd3 Nfd7 13.Rc1 c5 14.c3 c4 15.Nf2 bxc3 16.bxc3 Nc6
17.Bg2 Rb8 18.O-O e6 19.f4 h5 20.g5 O-O 21.f5 exf5 22.exf5 Rfe8 23.Nf4 gxf5
24.Nxh5 Ne7 25.Nxg7 Kxg7 26.h5 Bb7 27.d5 Ne5 28.Qd4 Kg8 29.Nh3 Bc8 30.Rc2 Bd7
31.Nf4 Rb5 32.h6 Kh7 33.Nh5 Ng8 34.Ng7 Reb8 35.Nxf5 Bxf5 36.Rxf5 Ne7 37.Rxf7+ Kh8
38.g6 Rb1+ 39.Kh2 Qd8 40.Bg5 Nxg6 41.Bxd8 Rxd8 42.Rcf2 Rbb8 43.Bh3 Rf8 44.Rxf8+ Rxf8
45.Rxf8+ Nxf8 46.Qa7  1-0

[Event "e2e4 Sunningdale Open"]
[Site "Ascot ENG"]
[Date "2013.05.24"]
[Round "1"]
[White "Sarakauskas,G"]
[Black "Stolberg Rohr,T"]
[Result "1-0"]
[WhiteElo "2421"]
[BlackElo "2037"]

1.d4 g6 2.e4 Bg7 3.Nc3 d6 4.g3 Nc6 5.d5 Ne5 6.Bg2 Nf6 7.Nge2 Bg4 8.h3 Bf3
9.O-O h5 10.Bxf3 Nxf3+ 11.Kg2 Ne5 12.f4 Nc4 13.a4 a5 14.Qd3 Nb6 15.Be3 Ra6
16.Rad1 h4 17.e5 Ng8 18.e6 f5 19.g4 Nf6 20.gxf5 gxf5 21.Qxf5 Kf8 22.b3 Qe8
23.Ne4 Rh5 24.Ng5 Kg8 25.c4 Rh6 26.Kf2 c5 27.Nf7 Rh5 28.Qg6 Ra8 29.Rg1 Rh7
30.Rg2 Qf8 31.Rdg1 Nbd7 32.Nh6+ Kh8 33.Nf5 Ne4+ 34.Kf3 Ng3 35.Nexg3 hxg3
36.exd7  1-0

[Event "e2e4 Sunningdale Open"]
[Site "Ascot ENG"]
[Date "2013.05.27"]
[Round "7"]
[White "Ledger,D"]
[Black "Jackson,J"]
[Result "1/2-1/2"]
[WhiteElo "2287"]
[BlackElo "2221"]

1.e4 g6 2.d4 Bg7 3.Nc3 d6 4.f4 a6 5.Nf3 b5 6.Bd3 Nd7 7.Ne2 Bb7 8.O-O c5 9.c3 Ngf6
10.e5 Nd5 11.Qe1 O-O 12.e6 fxe6 13.Ng5 Nc7 14.Qh4 Nf6 15.dxc5 dxc5 16.Bc2 Qe8
17.Be3 h6 18.Nf3 Be4 19.Bxe4 Nxe4 20.Ng3 Nxg3 21.Qxg3 Nd5 22.Ne5 Kh7 23.Bxc5 Bxe5
24.fxe5 g5 25.Rxf8 Qxf8 26.Rf1 Qg7 27.a4 Rc8 28.Ba3 Rf8 29.Qd3+ Kg8 30.Rxf8+ Kxf8
31.axb5 axb5 32.Qxb5 Qxe5 33.Bc5 Qe4 34.Qf1+ Kg7 35.c4 Nf4 36.Bxe7 Qd4+ 37.Kh1 Qxb2
38.g3 Qb7+ 39.Kg1 Qa7+ 40.Kh1 Qb7+  1/2-1/2

[Event "Hungarian National Open 2013"]
[Site "Zalakaros HUN"]
[Date "2013.05.27"]
[Round "6"]
[White "Havasi,Gergo"]
[Black "Radnai,A"]
[Result "1/2-1/2"]
[WhiteElo "2040"]
[BlackElo "2263"]

1.e4 g6 2.d4 Bg7 3.Nc3 d6 4.f4 Nf6 5.Nf3 O-O 6.Bd3 c5 7.d5 Na6 8.O-O Bg4
9.h3 Bxf3 10.Rxf3 Nc7 11.a4 Rb8 12.Bd2 e6 13.dxe6 Nxe6 14.f5 Nd4 15.Rf2 a6
16.Qc1 b5 17.axb5 axb5 18.Bg5 c4 19.Bf1 Qe8 20.Bxf6 Bxf6 21.Nd5 Qd8 22.Qd2 Be5
23.f6 Kh8 24.Ra7 Ne6 25.c3 g5 26.Qe3 Nf4 27.Qf3 Ra8 28.Rxa8 Qxa8 29.g3 Nxd5
30.exd5 Rg8 31.Kg2 Rg6 32.Qe4 Rxf6 33.Rxf6 Bxf6 34.Be2 Kg7 35.Bf3 Qa2 36.Qe2 Be5
37.Qd2 h6 38.Qf2 Qb1 39.Bh5 Qe4+ 40.Bf3 Qb1 41.Bh5 Bf6 42.Qe2 Qf5 43.Bf3 h5
44.Qe4 Qxe4 45.Bxe4 Be5 46.Bf5 b4 47.Bd7 bxc3 48.bxc3 Bxc3 49.Bb5 f5 50.Bxc4 Kf6
51.g4 hxg4 52.hxg4 f4 53.Be2 Ke5 54.Bf3 Kd4 55.Kf2  1/2-1/2

[Event "Hungarian National Open 2013"]
[Site "Zalakaros HUN"]
[Date "2013.05.28"]
[Round "7"]
[White "Zsirai,P"]
[Black "Csala,Im"]
[Result "1-0"]
[WhiteElo "2199"]
[BlackElo "2180"]

1.e4 g6 2.d4 Bg7 3.Nc3 d6 4.Nf3 Bg4 5.Be3 Nc6 6.Be2 a6 7.h3 Bxf3 8.Bxf3 e5
9.d5 Nce7 10.g4 Nf6 11.Qd2 h6 12.a4 Rc8 13.Rd1 c5 14.dxc6 Rxc6 15.O-O h5
16.g5 Nd7 17.Na2 Nc8 18.Nb4 Rc7 19.Nd5 Rc6 20.b4 Rc4 21.Qd3 b5 22.axb5 axb5
23.Ra1 Ndb6 24.Nxb6 Nxb6 25.Ra6 Nc8 26.Qd5 O-O 27.Qxb5 Qc7 28.Rb1 Rxc2 29.Qd5 Rd8
30.b5 Ne7 31.Qd1 d5 32.Bb6  1-0

[Event "6th Mayors Cup 2013"]
[Site "Mumbai IND"]
[Date "2013.05.30"]
[Round "3"]
[White "Hoang Thanh Trang"]
[Black "Vinoth Kumar,M"]
[Result "1-0"]
[WhiteElo "2476"]
[BlackElo "2158"]

1.d4 d6 2.e4 g6 3.Nc3 Bg7 4.Be3 Nh6 5.Qd2 Ng4 6.Bg5 f6 7.Bh4 Nh6 8.f4 c6
9.Nf3 b5 10.Bd3 a6 11.a4 b4 12.Ne2 a5 13.c3 bxc3 14.bxc3 Ba6 15.O-O O-O 16.f5 g5
17.Bf2 d5 18.exd5 Qxd5 19.Ng3 Ng4 20.h4 gxh4 21.Nxh4 Bh6 22.Qe2 Bxd3 23.Qxg4+ Bg5
24.Be3 Kh8 25.Rf3 Bxh4 26.Qxh4 Rg8 27.Re1 Ra7 28.Bh6 Bc2 29.Rxe7 Rxe7 30.Qxf6+ Rgg7
31.Nh5 Rf7 32.Bxg7+ Kg8 33.Qg5 Rxf5 34.Nf6+ Rxf6 35.Qxf6 Nd7 36.Qe7 h5 37.Be5  1-0